=LDR 00000nam 2200000 4500 =001 INLIS000000000006294 =005 20130612094437 =008 ***********************************Ind** =035 ##$$0010-061300000006294 =041 ##$$a Ind =082 ##$$a 001.42 =090 ##$$a 001.42, Ndr r =100 ##$$a Ndraka, Taliziduku =245 ##$$a Research teori, metodologi administrasi, Drs. Taliziduku =260 ##$$a 1981 $b Jakarta =650 ##$$a Metode Penelitian =850 ##$$a NBPNMAT